[Event "Davos op 9th"]
[Site "Davos"]
[Date "2011.08.11"]
[Round "5"]
[White "Oganessian, Gaguik"]
[Black "Capraro, Linus"]
[Result "1-0"]
[WhiteElo "2021"]
[BlackElo "2112"]
[PlyCount "77"]
[EventDate "2011.08.07"]
[EventType "swiss"]
[EventRounds "7"]
[EventCountry "SUI"]
[SourceTitle "CBM 144 Extra"]
[Source "ChessBase"]
[SourceDate "2011.10.28"]
[SourceVersion "1"]
[SourceVersionDate "2011.10.28"]
[SourceQuality "1"]

1. e4 c5 2. Nc3 e6 3. g3 Nc6 4. Bg2 g6 5. Nge2 Bg7 6. 0-0 Nge7 7. d3 d6 8. Be3 Nd4 9. Qd2 0-0 10. Nd1 Nxe2+ 11. Qxe2 Nc6 12. c3 e5 13. Qd2 Be6 14. f4 Qd7 15. Nf2 Rac8 16. b3 b6 17. Rad1 f5 18. fxe5 dxe5 19. exf5 gxf5 20. Bh6 Rf6 21. Bxg7 Qxg7 22. Qe2 Rg6 23. Kh1 Bd7 24. Rg1 Re8 25. Bf3 Re7 26. g4 Qf6 27. gxf5 Bxf5 28. Rxg6+ hxg6 29. Ng4 Qh4 30. Rg1 Bd7 31. Bd5+ Kh8 32. Qf3 Bf5 33. Bxc6 Rh7 34. Be4 Rh5 35. Qe2 Rg5 36. Bxf5 Rxf5 37. Nxe5 Rf2 38. Nxg6+ Kh7 39. Qe5 1-0

[Event "Ascona Seniors op 8th"]
[Site "Ascona"]
[Date "2009.??.??"]
[Round "?"]
[White "Capraro, Linus"]
[Black "Tesar, Peter"]
[Result "1-0"]
[WhiteElo "2112"]
[BlackElo "1968"]
[PlyCount "45"]
[EventDate "2009.11.02"]
[EventType "swiss"]
[EventRounds "9"]
[EventCountry "SUI"]
[SourceTitle "EXT 2022"]
[Source "ChessBase"]
[SourceDate "2021.10.06"]
[SourceVersion "1"]
[SourceVersionDate "2021.10.06"]
[SourceQuality "1"]

1. e4 d6 2. Nf3 Nf6 3. Nc3 Bg4 4. Be2 e6 5. d4 Be7 6. Be3 0-0 7. Qd2 c6 8. 0-0 d5 9. e5 Nfd7 10. h3 Bh5 11. Nh2 Bg6 12. f4 c5 13. Nxd5 cxd4 14. Nxe7+ Qxe7 15. Bxd4 Nc6 16. c3 Nxd4 17. Qxd4 Rad8 18. Rad1 Nb6 19. Qf2 Bc2 20. Rxd8 Rxd8 21. Nf3 Nd5 22. Nd4 Ba4 23. Bd3 1-0

[Event "Ascona Seniors op 7th"]
[Site "Ascona"]
[Date "2008.11.09"]
[Round "?"]
[White "Peters, Paul"]
[Black "Capraro, Linus"]
[Result "1-0"]
[WhiteElo "1911"]
[BlackElo "2120"]
[PlyCount "41"]
[EventDate "2008.11.03"]
[EventType "swiss"]
[EventRounds "9"]
[EventCountry "SUI"]
[SourceTitle "EXT 2022"]
[Source "ChessBase"]
[SourceDate "2021.10.06"]
[SourceVersion "1"]
[SourceVersionDate "2021.10.06"]
[SourceQuality "1"]

1. e4 c5 2. c3 d5 3. exd5 Qxd5 4. d4 e5 5. Nf3 e4 6. Ne5 Nf6 7. Bc4 Qd8 8. Nxf7 Qb6 9. Nxh8 Be6 10. Qb3 Qxb3 11. Bxb3 Bxb3 12. axb3 cxd4 13. cxd4 Nc6 14. Be3 Bb4+ 15. Nc3 Kf8 16. 0-0 Kg8 17. Ng6 hxg6 18. f3 a6 19. Nxe4 Rd8 20. d5 Na5 21. Bb6 1-0

[Event "Zuerich Seniors op 06th"]
[Site "Zuerich"]
[Date "2008.02.07"]
[Round "9"]
[White "Benz, Urs"]
[Black "Capraro, Linus"]
[Result "0-1"]
[WhiteElo "1700"]
[BlackElo "1982"]
[PlyCount "60"]
[EventDate "2008.01.28"]
[EventType "swiss"]
[EventRounds "9"]
[EventCountry "SUI"]
[SourceTitle "EXT 2022"]
[Source "ChessBase"]
[SourceDate "2021.10.06"]
[SourceVersion "1"]
[SourceVersionDate "2021.10.06"]
[SourceQuality "1"]

1. e4 c5 2. d4 cxd4 3. c3 dxc3 4. Nxc3 Nc6 5. Nf3 d6 6. Bc4 e6 7. 0-0 Bd7 8. Qe2 Nf6 9. Rd1 Qa5 10. Nb5 Ne5 11. Nxe5 dxe5 12. Bd2 Qd8 13. Bc3 Qb8 14. Ba5 b6 15. Bd2 a6 16. Nc3 b5 17. Bb3 Be7 18. a3 0-0 19. Rac1 Bc6 20. Bg5 Qb7 21. Bxf6 Bxf6 22. f3 Bg5 23. Rb1 Rfd8 24. Qf2 Rac8 25. h4 Bf6 26. Na2 a5 27. Nc1 Rxd1+ 28. Bxd1 Bxe4 29. fxe4 Qxe4 30. Qf3 Qxb1 0-1

[Event "Zuerich Seniors op 05th"]
[Site "Zuerich"]
[Date "2007.??.??"]
[Round "?"]
[White "Capraro, Linus"]
[Black "Singeisen, Hermann"]
[Result "0-1"]
[WhiteElo "1989"]
[BlackElo "2053"]
[PlyCount "110"]
[EventDate "2007.01.22"]
[EventType "swiss"]
[EventRounds "9"]
[EventCountry "SUI"]
[SourceTitle "EXT 2022"]
[Source "ChessBase"]
[SourceDate "2021.10.06"]
[SourceVersion "1"]
[SourceVersionDate "2021.10.06"]
[SourceQuality "1"]

1. c4 Nf6 2. Nc3 e5 3. d3 Nc6 4. g3 Bb4 5. Bg2 0-0 6. e3 Bxc3+ 7. bxc3 d5 8. cxd5 Nxd5 9. Ne2 Bg4 10. f3 Be6 11. 0-0 Qd7 12. Rb1 Rab8 13. Rf2 Nf6 14. Qc2 Rfd8 15. d4 Bc4 16. Bd2 b5 17. Nc1 Qe6 18. Nb3 Nd7 19. f4 exd4 20. cxd4 Bd5 21. f5 Qd6 22. Rc1 Bxg2 23. Rxg2 Rb6 24. Na5 Ndb8 25. Qe4 Rc8 26. Be1 Nxa5 27. Bxa5 Rc6 28. Rgc2 Rxc2 29. Rxc2 c6 30. g4 Nd7 31. g5 Nb6 32. Be1 Nc4 33. Bg3 Qd5 34. Qxd5 cxd5 35. Kf2 Kf8 36. Ke2 Ke7 37. Be1 Kd7 38. Bg3 Re8 39. Bf4 a5 40. Kd3 g6 41. fxg6 hxg6 42. Rf2 Re4 43. h4 a4 44. Rh2 b4 45. h5 gxh5 46. Rxh5 Nb6 47. Rh6 Re6 48. Rh7 Ke8 49. Be5 Rc6 50. Rh8+ Kd7 51. Rb8 b3 52. axb3 axb3 53. Rb7+ Ke6 54. e4 b2 55. exd5+ Kxd5 0-1

[Event "Zuerich Seniors op 4th"]
[Site "Zuerich"]
[Date "2006.01.27"]
[Round "5"]
[White "Nydegger, Charles"]
[Black "Capraro, Linus"]
[Result "0-1"]
[WhiteElo "1771"]
[BlackElo "1991"]
[PlyCount "86"]
[EventDate "2006.01.23"]
[EventType "swiss"]
[EventRounds "9"]
[EventCountry "SUI"]
[SourceTitle "EXT 2007"]
[Source "ChessBase"]
[SourceDate "2006.11.23"]
[SourceVersion "1"]
[SourceVersionDate "2006.11.23"]
[SourceQuality "1"]

1. e4 c5 2. Nf3 d6 3. d4 cxd4 4. Nxd4 Nf6 5. Nc3 e6 6. Be2 Be7 7. 0-0 a6 8. f4 Nbd7 9. Be3 b5 10. f5 Ne5 11. fxe6 fxe6 12. Nf3 Neg4 13. Bf2 0-0 14. a3 Rb8 15. Bd3 Nxf2 16. Rxf2 Ng4 17. Qe2 Nxf2 18. Qxf2 Qc7 19. Qg3 Qc5+ 20. Kh1 Bd7 21. e5 Bc6 22. Qh3 g6 23. Qxe6+ Rf7 24. Ne4 Bxe4 25. Bxe4 Kf8 26. Bd5 Rg7 27. Ng5 Ke8 28. Rf1 Kd8 29. Nf7+ Rxf7 30. Rxf7 dxe5 31. Qxe5 Rb6 32. h3 Qd6 33. Qh8+ Kd7 34. Qxh7 Qe5 35. Qg7 Qe1+ 36. Kh2 Rd6 37. Bf3 Qe3 38. Bg4+ Kc6 39. Bf3+ Kb6 40. Qh8 Rd8 41. Qg7 Bd6+ 42. g3 Qf2+ 43. Bg2 Bxg3+ 0-1

[Event "Zuerich Seniors op 3rd"]
[Site "Zuerich"]
[Date "2005.02.01"]
[Round "7"]
[White "Brun, Felix"]
[Black "Capraro, Linus"]
[Result "0-1"]
[WhiteElo "1730"]
[BlackElo "1947"]
[PlyCount "56"]
[EventDate "2005.01.24"]
[EventType "swiss"]
[EventRounds "9"]
[EventCountry "SUI"]
[SourceTitle "EXT 2007"]
[Source "ChessBase"]
[SourceDate "2006.11.23"]
[SourceVersion "1"]
[SourceVersionDate "2006.11.23"]
[SourceQuality "1"]

1. c4 Nf6 2. Nc3 g6 3. g3 Bg7 4. Bg2 c6 5. d4 d5 6. cxd5 cxd5 7. Nf3 0-0 8. 0-0 Nc6 9. Re1 Re8 10. a3 Na5 11. Ne5 Be6 12. b4 Rc8 13. Bb2 Nc4 14. Nxc4 Rxc4 15. e3 Qc8 16. Rc1 Rd8 17. Bf1 Rc6 18. Qb3 Bh3 19. f3 Bxf1 20. Rxf1 Qf5 21. Rc2 Bh6 22. Bc1 Rdc8 23. e4 Qh3 24. Nxd5 Nxd5 25. Bxh6 Nc3 26. Bf4 Ne2+ 27. Kh1 Nxf4 28. gxf4 Rxc2 0-1

[Event "Zuerich Seniors op 3rd"]
[Site "Zuerich"]
[Date "2005.01.26"]
[Round "3"]
[White "Grass, Silvio"]
[Black "Capraro, Linus"]
[Result "0-1"]
[WhiteElo "1829"]
[BlackElo "1947"]
[PlyCount "50"]
[EventDate "2005.01.24"]
[EventType "swiss"]
[EventRounds "9"]
[EventCountry "SUI"]
[SourceTitle "EXT 2007"]
[Source "ChessBase"]
[SourceDate "2006.11.23"]
[SourceVersion "1"]
[SourceVersionDate "2006.11.23"]
[SourceQuality "1"]

1. d4 Nf6 2. c4 g6 3. Nc3 Bg7 4. e4 d6 5. f3 0-0 6. Be3 a6 7. Bd3 c5 8. d5 e6 9. a4 exd5 10. cxd5 b6 11. Nge2 Nbd7 12. f4 Ng4 13. Bg1 f5 14. Qd2 Ndf6 15. 0-0-0 fxe4 16. Bxe4 Nxe4 17. Nxe4 Qe7 18. N2g3 Rxf4 19. Qd3 b5 20. Nxc5 Qf6 21. Rd2 Ne5 22. Qb3 dxc5 23. Bxc5 Rc4+ 24. Rc2 Nd3+ 25. Qxd3 Qxb2+ 0-1

[Event "Zuerich Seniors op 3rd"]
[Site "Zuerich"]
[Date "2005.??.??"]
[Round "?"]
[White "Schwammberger, Eugen"]
[Black "Capraro, Linus"]
[Result "0-1"]
[WhiteElo "2003"]
[BlackElo "1947"]
[PlyCount "98"]
[EventDate "2005.01.24"]
[EventType "swiss"]
[EventRounds "9"]
[EventCountry "SUI"]
[SourceTitle "EXT 2007"]
[Source "ChessBase"]
[SourceDate "2006.11.23"]
[SourceVersion "1"]
[SourceVersionDate "2006.11.23"]
[SourceQuality "1"]

1. d4 Nf6 2. g3 g6 3. Bg2 Bg7 4. e4 d6 5. Ne2 0-0 6. 0-0 Na6 7. Bf4 c5 8. c3 Qb6 9. Qd2 Re8 10. Na3 Bd7 11. Nc4 Qb5 12. b3 Rad8 13. Rab1 cxd4 14. Nxd4 Qh5 15. Ne2 Nc5 16. f3 Ne6 17. Be3 b6 18. Rbd1 Bc6 19. g4 Qb5 20. Nb2 Qa6 21. Nd3 Ba8 22. c4 Qc8 23. Nc3 Nc5 24. Nb4 e6 25. Nc2 d5 26. exd5 exd5 27. Nxd5 Nxd5 28. cxd5 Rxd5 29. Qe2 Rde5 30. Rfe1 Bh6 31. Qf2 Bxe3 32. Rxe3 Rxe3 33. Nxe3 Ne6 34. Nd5 Bxd5 35. Rxd5 Qc1+ 36. Qf1 Qe3+ 37. Qf2 Qc3 38. Qd2 Qa1+ 39. Kf2 Nf4 40. Bf1 Nxd5 41. Qxd5 Qe5 42. Bc4 Qxh2+ 43. Kf1 Qh1+ 44. Kf2 Qe1+ 45. Kg2 Re7 46. a4 Qe5 47. Qd2 Kg7 48. g5 Qe3 49. Qb2+ Re5 0-1

[Event "Ascona op"]
[Site "Ascona"]
[Date "2003.??.??"]
[Round "?"]
[White "Koch, Werner"]
[Black "Capraro, Linus"]
[Result "0-1"]
[WhiteElo "1847"]
[BlackElo "2100"]
[PlyCount "66"]
[EventDate "2003.11.03"]
[EventType "swiss"]
[EventRounds "7"]
[EventCountry "SUI"]
[SourceTitle "EXT 2005"]
[Source "ChessBase"]
[SourceDate "2004.11.15"]
[SourceVersion "1"]
[SourceVersionDate "2004.11.15"]
[SourceQuality "1"]

1. Nf3 c5 2. c4 e6 3. Nc3 Nf6 4. e4 d6 5. d4 b6 6. Bg5 h6 7. Bh4 cxd4 8. Nxd4 Be7 9. Qc2 0-0 10. Be2 Bb7 11. Rd1 Nbd7 12. Bg3 Qb8 13. 0-0 Ne5 14. h3 Rc8 15. b3 a6 16. f4 Nc6 17. Nxc6 Bxc6 18. a4 b5 19. e5 dxe5 20. fxe5 Bc5+ 21. Kh2 Nh7 22. Rxf7 b4 23. Qg6 Bf8 24. Bd3 bxc3 25. Qxh7+ Kxf7 26. Rf1+ Ke7 27. Bh4+ Kd7 28. Rf7+ Ke8 29. Qg6 Qxe5+ 30. Bg3 Qg5 31. Qxe6+ Be7 32. Bg6 Kd8 33. Bd6 Qxg2# 0-1

[Event "Ascona op"]
[Site "Ascona"]
[Date "2003.??.??"]
[Round "?"]
[White "Schneider, Antonio"]
[Black "Capraro, Linus"]
[Result "1/2-1/2"]
[WhiteElo "1925"]
[BlackElo "2100"]
[PlyCount "44"]
[EventDate "2003.11.03"]
[EventType "swiss"]
[EventRounds "7"]
[EventCountry "SUI"]
[SourceTitle "EXT 2005"]
[Source "ChessBase"]
[SourceDate "2004.11.15"]
[SourceVersion "1"]
[SourceVersionDate "2004.11.15"]
[SourceQuality "1"]

1. e4 c5 2. Nf3 d6 3. d4 cxd4 4. Nxd4 Nf6 5. Nc3 a6 6. Be2 e6 7. Be3 b5 8. a3 Bb7 9. Bf3 Qc7 10. Qd2 Nbd7 11. Bg5 Be7 12. Bxf6 Nxf6 13. 0-0-0 Rc8 14. Kb1 0-0 15. Rhe1 Rfd8 16. Qe3 Qa5 17. Nb3 Qc7 18. Re2 Nd7 19. Red2 Ne5 20. Be2 Ba8 21. f4 Nc4 22. Bxc4 bxc4 1/2-1/2

[Event "La Perla op"]
[Site "Lugano"]
[Date "2000.03.09"]
[Round "1"]
[White "Capraro, Linus"]
[Black "Janata, Michael"]
[Result "1-0"]
[WhiteElo "2282"]
[BlackElo "2400"]
[PlyCount "69"]
[EventDate "2000.03.09"]
[EventType "swiss"]
[EventRounds "7"]
[EventCountry "SUI"]
[SourceTitle "EXT 2001"]
[Source "ChessBase"]
[SourceDate "2000.11.22"]
[SourceVersion "1"]
[SourceVersionDate "2000.11.22"]
[SourceQuality "1"]

1. Nf3 Nf6 2. b3 d5 3. Bb2 e6 4. e3 Be7 5. d3 c5 6. Be2 Nc6 7. Nbd2 0-0 8. 0-0 b6 9. c4 Ng4 10. cxd5 exd5 11. Rc1 Bb7 12. h3 Bf6 13. d4 Nh6 14. Bd3 Nb4 15. Bb1 Ba6 16. Re1 Nd3 17. Bxd3 Bxd3 18. Ba3 a5 19. dxc5 b5 20. Nd4 b4 21. Bb2 Rc8 22. N2f3 Be4 23. Nh2 Qe7 24. f3 Bg6 25. c6 Rfd8 26. Qe2 Nf5 27. Nxf5 Bxf5 28. Bxf6 Qxf6 29. Qb5 Ra8 30. Rc5 Rdb8 31. Qe2 Rb6 32. Rec1 Raa6 33. c7 Rc6 34. Qxa6 Rxa6 35. c8Q+ 1-0